000 00826cam a22002771 4500
001 28214
003 BD-RjUL
005 20211209051243.0
008 140329s1964 nyu b 001 0 eng
035 _a(BD-RjUL)28295
035 _a(OCoLC)2658919
040 _aDLC
_cOAU
_dBD-RjUL
_beng
041 _aeng
082 0 0 _a100
_bTIL 1964
100 1 _aTitus, Harold H.
_q(Harold Hopper),
_d1896-1984.
_93308
245 1 0 _aLiving issues in philosophy :
_ban introductory textbook /
_cHarold H. Titus.
250 _a4th ed.
260 _aNew York :
_bAmerican Book Company,
_cc1964.
300 _axiv, 543 p. :
_bill. ;
_c23 cm.
504 _a"Suggested readings" at end of each chapter.
504 _aIncludes index.
650 0 _aPhilosophy.
_986403
942 _2ddc
_cBK
999 _c28214
_d28214